000
00197 a2200097 4500
020
_a
0961829230
041
_a
spa
100
_a
Webster, Nila
245
_a
El regalo tuyo, el regalo mio
942
_c
BK
999
_c
29807
_d
29805